| 000 | 04181nam a22002537a 4500 | ||
|---|---|---|---|
| 999 |
_c59637 _d59637 |
||
| 003 | Ge_BSU | ||
| 005 | 20230327120706.0 | ||
| 008 | 230327s2022 ge ||||| |||| 00| 0 geo d | ||
| 020 | _a9789941491955 | ||
| 041 | _ageo | ||
| 080 | _a94(47):001(479.22) ს-13 | ||
| 245 |
_aსაბჭოთა სახელმწიფოს ზღვარგადასული ინტერვენცია ქართულ იურიდიულ მეცნიერებაში და ბრძოლა ევროპაში განსწავლული მეცნიერ იურისტების წინააღმდეგ საბჭოთა საქართველოს ინტერიერში: _bსაარქივო დოკუმენტები და მასალები / _cგამოსაცემად მოამზადეს, შესავალი წერილი და კომენტარები დაურთეს მარინა გარიშვილმა და თორნიკე ნემსწვერიძემ ;სამეცნიერო რედაქტორები: მარინა გარიშვილი, თორნიკე ნემსწვერიძე; სარედაქციო კოლეგია: გიორგი დავითაშვილი, ნანა ჭიღლაძე, ირაკლი ბურდული, გოჩა ფერაძე; წინასიტყვაობა: თამარ ზარანდია, ნანა ჭიღლაძე, გოჩა ფერაძე; გარეკანის დიზაინერი მარიამ ებრალიძე; ივანე ჯავახიშვილის სახ. თბილისის სახელმწ. უნივერსიტეტის იურიდიული ფაკულტეტი, იროდიონ სურგულაძის სამართლის ინსტიტუტი, თსუ-ის იურიდული ფაკულტეტის ძველი ქართული სამართლის, რომანისტიკისა (რომის კერძო სამართლის) და სამართლის ისტორიის სამეცნიერო-კვლევითი ინსტიტუტი, თსუ-ის იურიდიული ფაკულტეტის საარჩევნო სისტემებისა და წარმომადგენლობითი დემოკრატიის სამეცნიერო-კვლევითი ინსტიტუტი. |
||
| 264 |
_aთბილისი : _bთბილისის უნივერსიტეტის გამომცემლობა, _c2022. |
||
| 300 |
_a560 გვ. ; _b24 სმ. |
||
| 504 | _aბიბლიოგრაფია ტექსტის შენიშვნებში. | ||
| 653 | _aისტორია | ||
| 700 |
_aგარიშვილი, მარინა _eავტორი _917275 |
||
| 700 |
_aნემსწვერიძე, თორნიკე _eავტორი _99328 |
||
| 700 |
_aგელოვანი, ანდრო და სხვ. _eავტორი _917276 |
||
| 710 |
_aივანე ჯავახიშვილის სახ. თბილისის უნივერსიტეტი _917277 |
||
| 710 |
_aიურიდიული ფაკულტეტი. იროდიონ სურგულაძის სამართლის ინსტიტუტი. _917278 |
||
| 710 |
_aთსუ. იურიდული ფაკულტეტი. ძველი ქართული სამართლის, რომანისტიკისა (რომის კერძო სამართლის) და სამართლის ისტორიის სამეცნიერო-კვლევითი ინსტიტუტი. _917279 |
||
| 942 |
_2udc _cBK |
||